LEADER 00758nam a2200205 i 4500 001 000000251603 003 CaOOAMICUS 005 20161122000000.0 008 161122s1879 it u000 u ita u 013 $a230508 040 $aSeMil$bita 245 10$aVol. 1. 300 $aVIII, 463 p. 500 $aLascito Card. C.M. Martini. 773 0 $aAvogadro Della Motta, Emiliano <1798-1865>$tSaggio intorno al socialismo e alle dottrine e tendenze socialistiche.$dS. Pier d'Arena : Tipografia di S. Vincenzo de' Paoli, 1879.$g1$w()5378 850 $aSeMil 852 $aSeMil$W1$xVenegono$y1$m3M IV 34 FA$j201949$B201949$CSeMilBibl$Z2$F214352 $8I 941 1 $a4 961 $aLascito: Martini Card. Carlo Maria 996 $6245$aVol. 1$9(OLS)http://semarc/title/13429 LEADER 00744nam a2200193 i 4500 001 000000235897 003 CaOOAMICUS 005 20141118000000.0 008 141118s1843 xx u000 u fre u 013 $a214801 040 $aSeMil$bita 245 10$aTome 1. 300 $aXXIII, 556 p., [3] c. di tav. anche ripieg. :$britr., facs. 773 0 $aAudin, Jean Marie Vincent <1793-1851>$tHistoire de la vie des ouvrages et des doctrines de Calvin.$bNouvelle éd. revue, corrigée et augmentée.$dParis : Maison, 1843$g1$w()30979 850 $aSeMil 852 $aSeMil$W1$xVenegono$y1$m3C II 39 FA$j186243$B186243$CSeMilBibl$Z2$F197106 $8I 941 1 $a10 961 $aRecupero: Mantegazza 996 $6245$aTome 1$9(OLS)http://semarc/title/1447 LEADER 00861nam a2200205 i 4500 001 000000042680 003 CaOOAMICUS 005 20090724000000.0 008 090724s1921 fr u000 u fre u 013 $a13850 040 $aSeMil$bita 100 1 $aBainvel, Jean-Vincent,$c.$0(OLS)http://semarc/name/21145 245 13$aLa devotion au Sacré-Coeur de Jésus :$bdoctrine, histoire /$cpar Jean-Vincent Bainvel. 260 $aParis :$bG. Beauchesne,$c1921. 300 $aIX, 650 p. ;$c19 cm. 650 4$aSacro Cuore di Gesù.$0(OLS)http://semarc/subject/131 850 $aSeMil 852 $aSeMil$W1$xVenegono$y1$m2B I 169$j8835$B8835$CSeMilBibl$Z2$F8835 $81 996 $6245$aLa devotion au Sacré-Coeur de Jésus :$bdoctrine, histoire$9(OLS)http://semarc/title/67683 996 $6260$aParis :$bG. Beauchesne$9(OLS)http://semarc/publisher/35308